Rock Bands By Synonym - Statistics

General Stats
  • This quiz has been taken 2,616 times
    2,382 since last reset
  • The average score is 20 of 44
Answer Stats
Hint Answer % Correct
Firearms N' Flowers Guns N' Roses
92%
The Cops The Police
88%
The Automobiles The Cars
83%
Monarch Queen
81%
USA America
80%
The Tumbling Rocks The Rolling Stones
79%
Soil, Breeze and Flames Earth, Wind, and Fire
77%
SMOOCH KISS
77%
AlbinoSerpent Whitesnake
72%
Hearing-Impared Panther Def Leppard
70%
The Seashore Lads The Beach Boys
64%
Low-Cost Prank Cheap Trick
60%
Glad Deceased Grateful Dead
57%
Battle War
56%
The Entrances The Doors
55%
Bent Sibling Twisted Sister
53%
Quest Journey
51%
Air Conditioning / District of Columbia AC/DC
50%
Hurry Rush
50%
Fury Opposed to the Contraption Rage Against the Machine
49%
Twigs Styx
47%
Slender Elizabeth Thin Lizzy
44%
Escorted Airship Led Zeppelin
41%
Azure Bivalve Sect Blue Öyster Cult
38%
Evil Corporation Bad Company
37%
Metal Wench Iron Maiden
37%
Off-White Cream
33%
Trio K-9 Darkness Three Dog Night
33%
Faith Transparent-H2O Resurgence Creedence Clearwater Revival
32%
Paradise Nirvana
31%
The MonarchsMales The Kingsmen
31%
Jade Light Green Day
29%
Origin Genesis
28%
Stranger Foreigner
24%
Nacre Jelly Pearl Jam
24%
Bison LeapMeadow Buffalo Springfield
23%
FlameDrop Firefall
22%
The Knots The Kinks
20%
The Confrontation The Clash
17%
WindMetalworker Aerosmith
15%
WickedPhalange Badfinger
14%
Yellow Jewelry Golden Earring
7%
Serious Channels Dire Straits
6%
The Convicts The Inmates
3%
No matching quizzes found
Score Distribution
Percent of People with Each Score
Percentile by Number Answered
Your Score History
You have not taken this quiz since the last reset